| 000 | 00765cam a2200229 a 4500 | ||
|---|---|---|---|
| 001 | 1637014 | ||
| 005 | 20250122211509.0 | ||
| 008 | 960923s1997 nyu b 001 0 eng | ||
| 020 | _a0679438815 | ||
| 050 | 0 | 0 |
_aKF9223 _b.K43 1997 |
| 082 | 0 | 0 |
_a345.73/05 _221 |
| 100 | 1 |
_aKennedy, Randall, _d1954- |
|
| 245 | 1 | 0 |
_aRace, crime, and the law / _cRandall Kennedy. |
| 250 | _alst ed. | ||
| 260 |
_aNew York : _bPantheon Books, _cc1997. |
||
| 300 |
_axiv, 538 p. ; _c25 cm. |
||
| 650 | 0 |
_aDiscrimination in criminal justice administration _zUnited States. |
|
| 650 | 0 |
_aAfrican Americans _xCivil rights. |
|
| 650 | 0 | _aAfrican American criminals. | |
| 856 | 4 | 2 |
_3Publisher description _uhttp://www.loc.gov/catdir/description/random049/96046534.html |
| 942 |
_2lcc _cBK _n0 |
||
| 999 |
_c2862 _d2862 |
||